|
|
|
|
| LEADER |
03952ndm 2200649 i 4500 |
| 001 |
mzk03001281552 |
| 005 |
20231002173614.0 |
| 008 |
230530q17011800xr cca f ||| lat d |
| 040 |
|
|
|a BOA001
|b cze
|e rda
|
| 043 |
|
|
|a e-xr---
|b e-xr-cc
|2 czenas
|
| 048 |
|
|
|a vn01
|
| 048 |
|
|
|a ke01
|
| 072 |
|
7 |
|a 783
|x Církevní hudba. Duchovní hudba. Náboženská hudba
|2 czenas
|9 [9]
|
| 080 |
|
|
|a 783.51
|2 MRF
|
| 080 |
|
|
|a 78.089.6
|2 MRF
|
| 080 |
|
|
|a 78.087
|2 MRF
|
| 080 |
|
|
|a (0.032)78
|2 MRF
|
| 080 |
|
|
|a (035)783.23:27-282.7
|2 MRF
|
| 080 |
|
|
|a (035)2-282
|2 MRF
|
| 245 |
0 |
0 |
|a Graduale pro organo
|
| 264 |
|
0 |
|a [Dačice?],
|c [mezi 1701? a 1800?]
|
| 300 |
|
|
|a 8 nečíslovaných stran, 146 stran, to je 149 stran, 1 nečíslovaná strana, 7 nečíslovaných listů, 56 listů, to je 55 listů ;
|c 31,5 x 20 mm
|
| 336 |
|
|
|a zápis hudby
|b ntm
|2 rdacontent
|
| 337 |
|
|
|a bez média
|b n
|2 rdamedia
|
| 338 |
|
|
|a svazek
|b nc
|2 rdacarrier
|
| 382 |
|
|
|a zpěv
|n 1
|s 1
|
| 382 |
|
|
|a zpěv
|v číslovaný bas
|n 1
|s 1
|
| 382 |
|
|
|a varhany
|v číslovaný bas
|n 1
|s 1
|
| 500 |
|
|
|a Chyby v paginaci: strana [144] neočíslována, strana [145] označena jako 144 (později opraveno tužkou na 145), strana [146] neočíslována, strana [147] označena jako 145 (později opraveno tužkou na 147), strana [148] neočíslována (později tužkou dopsáno 145), strana [149] označena jako 146, na straně [150] původní paginace chybí (později tužkou dopsáno 150)
|
| 500 |
|
|
|a Chyby ve foliaci: listy 44-55 označeny jako 45-56
|
| 500 |
|
|
|a Po straně [150] následuje 7 původně nečíslovaných listů, tužkou doplněna moderní foliace (1-7)
|
| 500 |
|
|
|a Obsahuje dvě části. První (paginovaná část) je sbírka mešních zpěvů na všechny neděle a svátky, je psána černě a červeně. Druhá (foliovaná část, "Antiphonarium comparatum pro choro conventus Dacžicensis S. Antonii Paduani anno 1718“) obsahuje antifony na celý církevní rok (některé s podloženým generálbasovým doprovodem). Tato část je psána starší rukou jen černě. Po části „Commune sanctorum“ následují hymny na celý rok
|
| 500 |
|
|
|a Název z nápisu na vazbě
|
| 500 |
|
|
|a Poznámka V. Dokoupila: Soupis obsahu (index) na začátku sestavil patrně značně později P. Faustin Kordík, který zřejmě pořídil i novou paginaci vedle staré foliace, jež začíná až číslem 59, takže rukopis je na začátku neúplný
|
| 500 |
|
|
|a Za strany 38, 40, 84 a 118 vevázány menší listy s doplňky
|
| 500 |
|
|
|a Notace: chorální, moderní (místy i kombinace chorální notace a číslovaného basu)
|
| 500 |
|
|
|a Jednohlas v chorální notaci, výjimečně zpěv a varhanní doprovod
|
| 500 |
|
|
|a Název převzatý ze soupisu V. Dokoupila
|
| 510 |
4 |
|
|a Dokoupil, V. - Bar, P. Soupis rukopisů dačických františkánů,
|c s. 125-126
|
| 563 |
|
|
|a Původní kožená vazba, dřevěné desky potažené hnědou usní a zpevněné přidanými pruhy usně, usňové tkanice. Na přední desce rukopisný název
|
| 590 |
|
|
|a Místy pokročilá koroze železoduběnkového inkoustu
|
| 650 |
|
7 |
|a gregoriánský chorál
|7 ph120616
|2 czenas
|
| 655 |
|
7 |
|a partitury
|7 fd185981
|2 czenas
|
| 655 |
|
7 |
|a hlasy
|7 fd186703
|2 czenas
|
| 655 |
|
7 |
|a hudební rukopisy
|7 fd278469
|2 czenas
|
| 655 |
|
7 |
|a graduály
|7 fd914157
|2 czenas
|
| 655 |
|
7 |
|a liturgické knihy
|7 fd914120
|2 czenas
|
| 700 |
1 |
|
|a Kordik, Faustinus,
|d -1787
|
| 710 |
2 |
|
|a Klášter františkánů (Dačice, Česko)
|7 ko2012680614
|4 own
|
| 856 |
4 |
1 |
|u http://www.digitalniknihovna.cz/mzk/view/uuid:e6e1b443-18cb-4f07-ab11-a8c66508fcf4
|y Digitalizovaný dokument
|
| 910 |
|
|
|a SVE951
|b D-0000.119
|
| 982 |
2 |
|
|a Klášter františkánů (Dačice, Česko)
|7 ko2012680614
|
| 985 |
|
|
|a 1701-1750
|
| 985 |
|
|
|a 1751-1800
|
| 990 |
|
|
|a MU
|
| 991 |
|
|
|k dacice
|
| 996 |
6 |
|
|b 4584203169
|c D-0000.119
|l stud. ST
|r Sklad / do násl. otevíracího dne
|n 0
|w 001928052
|u 000010
|a 1
|e BOA001
|s P
|